01526nam a22002297a 450000500170000000800410001704000440005804100080010208200140011010000330012424200960015724501050025326000650035830000490042350004770047250600210094965000530097065100370102365100340106085600910109485601110118520161026085951.0130821s1853 ck a fr 0 spa d aCo-BoUCMbspacSandra YazodSandra Yazo0 aspa04a918.62201 aAncízar, Manueld1812-1882 aPeregrinación de Alpha por las provincias del norte de la Nueva Granada en 1850 y 51yspa10aPeregrinación de Alpha por las provincias del norte de la Nueva Granada en 1850 i 51cM. Ancízar aBogotá (Colombia)bImprenta de Echeverría hermanosc1853 a524 páginasbretrato ; tablasc17 x 12 cm. aDetalles físicos: Encuadernación rígida (holandesa). Tapas en cartón forrado en papel, lomo de cuero con adornos en dorado. Guardas. Hojas de cortesías. Anteportada con firma de Liborio Zerda. Grabado del autor. Portada impresa en una sola tinta. Texto en una columna con varios tipos y tamaños de letra, algunas notas al pie de página. Tabla en pág. 77 y última. Papel muy manchado. Tapas con raspaduras, bordes deteriorados y residuos de cinta pegante aConsulta en sala 7aGeografía de Colombia xDescripciones y viajes 4aColombiaxDescripciones y viajes 4aColombiaxHistoriay1850-185141zDisponible en líneauhttp://www.lablaa.org/blaavirtual/historia/perealpha/indice.htm41zDisponible en líneauhttp://books.google.com.co/books?id=jJ0-AAAAYAAJ&printsec=frontcover&source=gbs_atb